Jagannath revisited : (Record no. 1848609)

MARC details
000 -LEADER
fixed length control field 00831cam a2200229 a 4500
003 - CONTROL NUMBER IDENTIFIER
control field OSt
005 - DATE AND TIME OF LATEST TRANSACTION
control field 20260428160838.0
008 - FIXED-LENGTH DATA ELEMENTS--GENERAL INFORMATION
fixed length control field 010809s2001 ii a b 101 0 eng
020 ## - INTERNATIONAL STANDARD BOOK NUMBER
International Standard Book Number 8173043868
040 ## - CATALOGING SOURCE
Transcribing agency HDL
041 ## - LANGUAGE CODE
Language code of text/sound track or separate title eng
082 00 - DEWEY DECIMAL CLASSIFICATION NUMBER
Classification number 294.5211 P1
245 00 - TITLE STATEMENT
Title Jagannath revisited :
Remainder of title studying society, religion, and the state in Orissa /
Statement of responsibility, etc. edited by Hermann Kulke, Burkhard Schnepel.
260 ## - PUBLICATION, DISTRIBUTION, ETC.
Place of publication, distribution, etc. New Delhi :
Name of publisher, distributor, etc. Manohar,
Date of publication, distribution, etc. 2001.
300 ## - PHYSICAL DESCRIPTION
Extent vi, 411 p.
440 #0 - SERIES STATEMENT/ADDED ENTRY--TITLE
Title Studies in Orissan society, culture, and history ;
Volume/sequential designation v. 1
9 (RLIN) 1235912
651 #0 - SUBJECT ADDED ENTRY--GEOGRAPHIC NAME
Geographic name Odisha (India)
General subdivision Religious life and customs
9 (RLIN) 1235913
651 #0 - SUBJECT ADDED ENTRY--GEOGRAPHIC NAME
Geographic name Odisha (India)
General subdivision History
9 (RLIN) 1235914
655 #7 - INDEX TERM--GENRE/FORM
Genre/form data or focus term Conference papers and proceedings.
Source of term lcgft
Authority record control number or standard number https://id.loc.gov/authorities/genreForms/gf2014026068
942 ## - ADDED ENTRY ELEMENTS (KOHA)
Source of classification or shelving scheme Colon Classification (CC)
Koha item type Textual
Suppress in OPAC No
Holdings
Withdrawn status Lost status Source of classification or shelving scheme Damaged status Not for loan Home library Current library Date acquired Total Checkouts Date last seen Price effective from Koha item type
    Colon Classification (CC)     Department of History Library Department of History Library 2026-04-28   2026-04-28 2026-04-28 Textual
Copyright @ Delhi University Library System